[Event "GER-chT U20 Girls"]
[Site "Magdeburg"]
[Date "2023.12.27"]
[Round "1.2"]
[White "Wilmink, Anna"]
[Black "Falke, Ornella"]
[Result "0-1"]
[WhiteElo "1826"]
[BlackElo "1969"]
[PlyCount "134"]
[EventDate "2023.12.26"]
[EventType "team-swiss"]
[EventRounds "7"]
[EventCountry "GER"]
[SourceTitle "CB03_2024"]
[SourceDate "2024.01.17"]
[SourceVersion "1"]
[SourceVersionDate "2024.01.17"]
[SourceQuality "1"]
[WhiteTeam "Nordhorn Blanke"]
[BlackTeam "Elmshorn"]
[WhiteTeamCountry "GER"]
[BlackTeamCountry "GER"]

1. e4 c5 2. Nf3 d6 3. d4 cxd4 4. Nxd4 Nf6 5. Nc3 a6 6. h3 h5 7. g3 e5 8. Nde2 Be6 9. Bg2 Be7 10. Be3 Nbd7 11. Nd5 Nxd5 12. exd5 Bf5 13. Qd2 Rc8 14. Rc1 Nc5 15. 0-0 Qd7 16. Kh2 b5 17. f4 Bf6 18. c3 Nd3 19. Rcd1 0-0 20. fxe5 Nxe5 21. Bd4 Rfe8 22. Nf4 Nc4 23. Qf2 Bxd4 24. Rxd4 Ne3 25. Rg1 g6 26. Bf3 Re7 27. Bxh5 Bxh3 28. Nxh3 gxh5 29. Qf3 Ng4+ 30. Kh1 Rce8 31. Nf4 Qf5 32. Rf1 Qc2 33. Ng2 Qh7 34. Rd2 Qh6 35. Rc2 Qg6 36. Rd2 Ne3 37. Rdf2 Nxf1 38. Rxf1 Re5 39. Nh4 Qh7 40. Qf6 Qe4+ 41. Kh2 Qxd5 42. Kg1 Qe6 43. Qf4 Qc4 44. Qf6 Qe6 45. Qf4 Re1 46. Qg5+ Kf8 47. Ng2 Rxf1+ 48. Kxf1 Qxa2 49. Qh6+ Ke7 50. Nf4 Qb1+ 51. Kg2 Qe4+ 52. Kh2 Qe5 53. Qh7 Qc5 54. Qg7 Qf2+ 55. Kh3 Qf3 56. Qg5+ Kd7 57. Nxh5 Re5 58. Qg4+ Qxg4+ 59. Kxg4 Re2 60. b4 Re3 61. Kf5 Rf3+ 62. Ke4 Rxc3 63. Nf6+ Ke6 64. Nh5 Rc4+ 65. Kd3 Rxb4 66. Kc3 a5 67. Nf4+ Rxf4 0-1

[Event "GER-chT Lands U20"]
[Site "Hannover"]
[Date "2023.10.03"]
[Round "5"]
[White "Reuter, Elisa"]
[Black "Falke, Ornella"]
[Result "1/2-1/2"]
[WhiteElo "1869"]
[BlackElo "1973"]
[PlyCount "80"]
[EventDate "2023.10.01"]
[EventType "team-swiss"]
[EventRounds "7"]
[EventCountry "GER"]
[SourceTitle "EXT 2024"]
[Source "ChessBase"]
[SourceDate "2023.10.10"]
[SourceVersion "1"]
[SourceVersionDate "2023.10.10"]
[SourceQuality "1"]

1. e4 c5 2. Nf3 d6 3. d4 cxd4 4. Nxd4 Nf6 5. Nc3 a6 6. Bg5 e6 7. f4 Be7 8. Qf3 Qc7 9. g4 Nbd7 10. 0-0-0 h6 11. Bxf6 Bxf6 12. h4 Nb6 13. g5 Bxd4 14. Rxd4 Qc5 15. Rd2 Bd7 16. Qd3 Bc6 17. Qxd6 Qxd6 18. Rxd6 Ke7 19. Rd2 hxg5 20. fxg5 Nd7 21. Rf2 b5 22. Bd3 Rh5 23. Ne2 Rah8 24. Rfh2 Ne5 25. Ng3 R5h7 26. Be2 f5 27. gxf6+ gxf6 28. h5 f5 29. Rf1 fxe4 30. Rf4 Nf3 31. Rf2 e5 32. Rg4 Nd4 33. Nxe4 Nxe2+ 34. Rxe2 Rxh5 35. Rg7+ Kd8 36. Nd6 Bf3 37. Nf7+ Ke8 38. Nd6+ Kd8 39. Nf7+ Ke8 40. Nd6+ Kd8 1/2-1/2

[Event "GER-ch (Women)"]
[Site "Ostfildern"]
[Date "2023.08.18"]
[Round "6"]
[White "Braeuer, Vanessa"]
[Black "Falke, Ornella"]
[Result "0-1"]
[WhiteElo "1866"]
[BlackElo "1973"]
[PlyCount "66"]
[EventDate "2023.08.14"]
[EventType "swiss"]
[EventRounds "9"]
[EventCountry "GER"]
[SourceTitle "CBM 215 Extra"]
[Source "ChessBase"]
[SourceDate "2023.09.30"]
[SourceVersion "1"]
[SourceVersionDate "2023.09.30"]
[SourceQuality "1"]

1. e4 c5 2. Nc3 d6 3. Bc4 Nc6 4. f4 g6 5. Nf3 Bg7 6. 0-0 e6 7. d3 Nge7 8. Ng5 d5 9. Bb3 h6 10. Nf3 0-0 11. f5 exf5 12. Nxd5 Nxd5 13. Bxd5 Nb4 14. c4 fxe4 15. dxe4 Qe7 16. Nd2 Nd3 17. Qb3 Nxc1 18. Raxc1 Rb8 19. Qg3 Be6 20. b3 b5 21. Rc2 bxc4 22. Nxc4 Bxd5 23. exd5 Qe4 24. Rcf2 Bd4 25. d6 Rbd8 26. Kh1 Bxf2 27. Qxf2 Qd5 28. Qf4 g5 29. Qg3 Rfe8 30. h4 Re6 31. hxg5 hxg5 32. Rf2 Qd1+ 33. Kh2 Rh6+ 0-1

[Event "GER-ch (Women)"]
[Site "Ostfildern"]
[Date "2023.08.15"]
[Round "2"]
[White "Falke, Ornella"]
[Black "Dolzhikova, Kateryna"]
[Result "0-1"]
[WhiteElo "1973"]
[BlackElo "2307"]
[PlyCount "66"]
[EventDate "2023.08.14"]
[EventType "swiss"]
[EventRounds "9"]
[EventCountry "GER"]
[SourceTitle "CBM 215 Extra"]
[Source "ChessBase"]
[SourceDate "2023.09.30"]
[SourceVersion "1"]
[SourceVersionDate "2023.09.30"]
[SourceQuality "1"]

1. e4 c5 2. Nf3 d6 3. Bb5+ Bd7 4. c4 Nf6 5. Nc3 g6 6. 0-0 Bg7 7. d4 cxd4 8. Nxd4 Nc6 9. Be3 Ng4 10. Nxc6 Nxe3 11. Nxd8 Nxd1 12. Nxf7 Nxc3 13. Bxd7+ Kxd7 14. bxc3 Rhc8 15. Rab1 h6 16. e5 Ke6 17. exd6 Kxf7 18. Rxb7 Bf6 19. Re1 Rxc4 20. dxe7 Re8 21. Rxa7 Rxe7 22. Rexe7+ Bxe7 23. g3 Rxc3 24. a4 Rc2 25. f4 Kf6 26. Ra6+ Kf5 27. h3 Bc5+ 28. Kf1 Be3 29. Ke1 h5 30. g4+ Kxf4 31. Rxg6 h4 32. Re6 Kf3 33. Rf6+ Bf4 0-1

[Event "GER-chT U20 Girls"]
[Site "Muenster"]
[Date "2022.12.29"]
[Round "6"]
[White "Wolterink, Jule"]
[Black "Falke, Ornella"]
[Result "1-0"]
[WhiteElo "1424"]
[BlackElo "2016"]
[PlyCount "120"]
[EventDate "2022.12.26"]
[EventType "team-swiss"]
[EventRounds "7"]
[EventCountry "GER"]
[SourceTitle "CBM 212 Extra"]
[Source "ChessBase"]
[SourceDate "2023.03.31"]
[SourceVersion "1"]
[SourceVersionDate "2023.03.31"]
[SourceQuality "1"]
[WhiteTeam "Lehrte"]
[BlackTeam "Elmshorn"]
[WhiteTeamCountry "GER"]
[BlackTeamCountry "GER"]

1. d4 Nf6 2. Bf4 d5 3. e3 c5 4. c3 Nc6 5. Nf3 Qb6 6. Qc2 cxd4 7. exd4 Bf5 8. Qb3 e6 9. Nbd2 Be7 10. Be2 0-0 11. 0-0 Rfc8 12. h3 Ne8 13. Rfe1 Nd6 14. Qxb6 axb6 15. Ne5 Nxe5 16. Bxe5 f6 17. Bg3 Bg6 18. Bf3 Kf7 19. Re3 Nf5 20. Re2 Nxg3 21. fxg3 Bd6 22. Kf2 Bd3 23. Re3 Bb5 24. a3 Bc6 25. Bg4 Re8 26. Rae1 e5 27. dxe5 Bc5 28. e6+ Ke7 29. Nb3 Bxe3+ 30. Rxe3 f5 31. Bf3 Kf6 32. Nd4 Re7 33. Bd1 g6 34. Bc2 Rc7 35. Bd3 h6 36. h4 h5 37. Rf3 Ke7 38. Re3 Rf8 39. Kf3 Ba4 40. Kf4 Kf6 41. Re5 Rd8 42. Re1 Re7 43. Re5 Rd6 44. Re3 Bc6 45. Bc2 b5 46. Bb3 Re8 47. Re2 Rc8 48. Re1 Be8 49. Rd1 b6 50. Re1 Rc7 51. Rd1 Bc6 52. Re1 Be8 53. Rd1 Rc5 54. Bc2 Rc8 55. Bd3 Rcd8 56. Re1 Ra8 57. Bc2 Ra7 58. Re2 Re7 59. Bb3 Rd8 60. Re3 Rc7 1-0

[Event "GER-chT U20 Girls"]
[Site "Muenster"]
[Date "2022.12.28"]
[Round "4"]
[White "Falke, Ornella"]
[Black "Kalina, Lena"]
[Result "1-0"]
[WhiteElo "2016"]
[BlackElo "1842"]
[PlyCount "133"]
[EventDate "2022.12.26"]
[EventType "team-swiss"]
[EventRounds "7"]
[EventCountry "GER"]
[SourceTitle "CBM 212 Extra"]
[Source "ChessBase"]
[SourceDate "2023.03.31"]
[SourceVersion "1"]
[SourceVersionDate "2023.03.31"]
[SourceQuality "1"]
[WhiteTeam "Elmshorn"]
[BlackTeam "Landskrone"]
[WhiteTeamCountry "GER"]
[BlackTeamCountry "GER"]

1. d4 d5 2. c4 c6 3. Nf3 Nf6 4. Nc3 dxc4 5. a4 Bf5 6. e3 e6 7. Bxc4 Bb4 8. 0-0 0-0 9. Qb3 a5 10. h3 Nbd7 11. Nh4 Bg6 12. Nxg6 hxg6 13. Rd1 Qe7 14. Qc2 Nb6 15. Be2 c5 16. Na2 cxd4 17. Nxb4 Qxb4 18. Bd2 Qd6 19. Bc3 Nbd5 20. Bxd4 Rac8 21. Qb3 Qb4 22. Qxb4 Nxb4 23. Rac1 Nfd5 24. Kf1 Rfd8 25. g3 Nc6 26. Bc5 b6 27. e4 bxc5 28. exd5 Nd4 29. Ba6 Rc7 30. Rxd4 Ra7 31. Rxc5 Rxa6 32. d6 Kf8 33. Ke2 Ke8 34. Ke3 f6 35. Rb5 Rd7 36. b3 Kf7 37. f4 Ke8 38. g4 Kf7 39. Ke4 f5+ 40. Ke5 Rc6 41. Rd3 Rc1 42. Rb6 Re1+ 43. Kd4 Re4+ 44. Kc5 Rxf4 45. Kc6 Ke8 46. Rb8+ Rd8 47. Rb7 Kf8 48. Kc7 Ke8 49. Kc6 Kf8 50. Re7 Re4 51. Kc7 Ra8 52. Rc3 Ra7+ 53. Kd8 Ra8+ 54. Kd7 Rd4 55. Rxe6 f4 56. Rxg6 Kf7 57. Rg5 Ra7+ 58. Rc7 Ra6 59. Rf5+ Kg6 60. Rc6 Ra7+ 61. Ke6 Rb7 62. Ke5 Rbb4 63. d7+ Kh7 64. Ke6 Rb8 65. Rd6 Re4+ 66. Kf7 Rb7 67. Rh5# 1-0

[Event "GER-chT U20 Girls"]
[Site "Muenster"]
[Date "2022.12.27"]
[Round "2"]
[White "Falke, Ornella"]
[Black "Dietz, Kristin"]
[Result "1/2-1/2"]
[WhiteElo "2016"]
[BlackElo "1762"]
[PlyCount "67"]
[EventDate "2022.12.26"]
[EventType "team-swiss"]
[EventRounds "7"]
[EventCountry "GER"]
[SourceTitle "CBM 212 Extra"]
[Source "ChessBase"]
[SourceDate "2023.03.31"]
[SourceVersion "1"]
[SourceVersionDate "2023.03.31"]
[SourceQuality "1"]
[WhiteTeam "Elmshorn"]
[BlackTeam "Halle USV"]
[WhiteTeamCountry "GER"]
[BlackTeamCountry "GER"]

1. Nf3 c5 2. e4 e6 3. d4 cxd4 4. Nxd4 a6 5. Bd3 Nf6 6. 0-0 Qc7 7. Qe2 d6 8. c4 Be7 9. Nc3 0-0 10. Be3 Nbd7 11. f4 b6 12. Rad1 Bb7 13. Bc1 Nc5 14. Bb1 Ncd7 15. Rf3 Rac8 16. b3 Rfd8 17. Kh1 Nf8 18. Rg3 d5 19. e5 dxc4 20. f5 Ne8 21. Bh6 exf5 22. Bxf5 Rb8 23. bxc4 Ng6 24. e6 gxh6 25. exf7+ Kh8 26. fxe8Q+ Rxe8 27. Ne6 Qe5 28. Qxe5+ Nxe5 29. Rg7 Bb4 30. Rxh7+ Kg8 31. Rg7+ Kh8 32. Rh7+ Kg8 33. Rg7+ Kh8 34. Nb1 1/2-1/2

[Event "GER-chT Lands U20"]
[Site "Wiesbaden"]
[Date "2022.10.03"]
[Round "5.3"]
[White "Semling, Johannes"]
[Black "Falke, Ornella"]
[Result "0-1"]
[WhiteElo "1861"]
[BlackElo "1953"]
[PlyCount "77"]
[EventDate "2022.09.30"]
[EventType "team-swiss"]
[EventRounds "7"]
[EventCountry "GER"]
[SourceTitle "CBM 210 Extra"]
[Source "ChessBase"]
[SourceDate "2022.11.30"]
[SourceVersion "1"]
[SourceVersionDate "2022.11.30"]
[SourceQuality "1"]
[WhiteTeam "Baden U20"]
[BlackTeam "Schleswig Holstein U20"]
[WhiteTeamCountry "GER"]
[BlackTeamCountry "GER"]

1. Nf3 Nf6 2. g3 g6 3. b3 Bg7 4. Bb2 d6 5. d4 0-0 6. Bg2 Re8 7. 0-0 c6 8. c4 a5 9. Nc3 Bg4 10. h3 Bxf3 11. Bxf3 Nbd7 12. e4 e5 13. d5 Nb6 14. dxc6 bxc6 15. Qd2 d5 16. cxd5 cxd5 17. exd5 e4 18. Be2 e3 19. fxe3 Bh6 20. Rf3 Qe7 21. Raf1 Rad8 22. Kh2 Bxe3 23. Qc2 Bd4 24. Bc4 Rf8 25. Qd3 Be5 26. Re3 Nfd7 27. Qe2 Nxc4 28. bxc4 Qb4 29. a3 Qb8 30. Nb5 Bxb2 31. Qxb2 Nb6 32. Qd4 Nxd5 33. cxd5 Qxb5 34. Rd1 Rd7 35. Red3 Re8 36. R3d2 Qb3 37. Qc5 Rde7 38. d6 Re2+ 39. Kg1 0-1

[Event "GER-ch Rapid (Women)"]
[Site "Goettingen"]
[Date "2022.09.25"]
[Round "8"]
[White "Schulze, Lara"]
[Black "Falke, Ornella"]
[Result "1/2-1/2"]
[WhiteElo "2288"]
[BlackElo "1953"]
[PlyCount "82"]
[EventDate "2022.09.24"]
[EventType "swiss (rapid)"]
[EventRounds "9"]
[EventCountry "GER"]
[SourceTitle "CBM 210 Extra"]
[Source "ChessBase"]
[SourceDate "2022.11.30"]
[SourceVersion "1"]
[SourceVersionDate "2022.11.30"]
[SourceQuality "1"]

1. e4 c5 2. Nf3 d6 3. Bb5+ Bd7 4. c4 Nf6 5. Nc3 g6 6. Bxd7+ Qxd7 7. d4 cxd4 8. Qxd4 Bg7 9. Bg5 Nc6 10. Qd2 h6 11. Bxf6 Bxf6 12. 0-0 Bg7 13. Rfe1 0-0 14. e5 Rad8 15. Rad1 Qf5 16. Nd4 Nxd4 17. Qxd4 Bxe5 18. Qxa7 Qf4 19. g3 Qxc4 20. Qxb7 e6 21. Qb5 Qc7 22. Qe2 Bxc3 23. Rc1 Qa5 24. bxc3 Ra8 25. Qd2 Kh7 26. Qxd6 Qxa2 27. c4 Rad8 28. Qe7 Kg7 29. Rxe6 Qb2 30. Ree1 Rfe8 31. Qc5 Rc8 32. Qd5 Rcd8 33. Qf3 Rc8 34. Red1 Rc7 35. c5 Rec8 36. c6 Qe5 37. Kg2 Qe6 38. Re1 Qf6 39. Qxf6+ Kxf6 40. Re2 Rxc6 41. Rxc6+ Rxc6 1/2-1/2

[Event "GER-ch Rapid (Women)"]
[Site "Goettingen"]
[Date "2022.09.25"]
[Round "6"]
[White "Voigt, Anastasia"]
[Black "Falke, Ornella"]
[Result "0-1"]
[WhiteElo "1772"]
[BlackElo "1953"]
[PlyCount "94"]
[EventDate "2022.09.24"]
[EventType "swiss (rapid)"]
[EventRounds "9"]
[EventCountry "GER"]
[SourceTitle "CBM 210 Extra"]
[Source "ChessBase"]
[SourceDate "2022.11.30"]
[SourceVersion "1"]
[SourceVersionDate "2022.11.30"]
[SourceQuality "1"]

1. e4 c5 2. Nf3 d6 3. d4 cxd4 4. Nxd4 Nf6 5. Nc3 a6 6. f3 e5 7. Nb3 Be7 8. Be3 Be6 9. Qd2 h5 10. h3 Nbd7 11. 0-0-0 b5 12. Kb1 Rc8 13. Be2 h4 14. Rdg1 Nb6 15. Bf2 Nc4 16. Qe1 b4 17. Nd1 d5 18. Bxh4 Qc7 19. Bd3 a5 20. Bxf6 Bxf6 21. Nd2 a4 22. exd5 Bxd5 23. Ne4 Be7 24. Qe2 0-0 25. h4 b3 26. cxb3 axb3 27. Ndc3 bxa2+ 28. Ka1 Be6 29. Ng5 Na5 30. Nxe6 fxe6 31. Qe4 Rf6 32. Kxa2 Qa7 33. Kb1 Nb3 34. Kc2 Nd4+ 35. Kb1 Ra8 36. Qh7+ Kf7 37. Qh5+ Kf8 38. Qh8+ Kf7 39. Qh5+ g6 40. Qh7+ Ke8 41. Bxg6+ Kd7 42. Kc1 Qa1+ 43. Bb1 Nb3+ 44. Kc2 Nd4+ 45. Kc1 Rb8 46. Qd3 Qxb2+ 47. Kd1 Rc8 0-1

[Event "Wch U18 Girls"]
[Site "Mamaia"]
[Date "2022.09.08"]
[Round "3"]
[White "Eizaguerri Floris, Maria"]
[Black "Falke, Ornella"]
[Result "1-0"]
[WhiteElo "2159"]
[BlackElo "1953"]
[PlyCount "141"]
[EventDate "2022.09.06"]
[EventType "swiss"]
[EventRounds "11"]
[EventCountry "ROU"]
[SourceTitle "CBM 210 Extra"]
[Source "ChessBase"]
[SourceDate "2022.11.30"]
[SourceVersion "1"]
[SourceVersionDate "2022.11.30"]
[SourceQuality "1"]

1. e4 c5 2. Nf3 e6 3. d4 cxd4 4. Nxd4 Nc6 5. Nc3 Qc7 6. g3 a6 7. Bg2 Nf6 8. 0-0 Nxd4 9. Qxd4 Bc5 10. Bf4 d6 11. Qd2 h6 12. Rad1 e5 13. Be3 Bxe3 14. fxe3 Be6 15. Qxd6 Rc8 16. Rf2 Qxd6 17. Rxd6 Rxc3 18. bxc3 Nd7 19. a4 Ke7 20. Rd1 a5 21. Rb1 b6 22. Rd2 Rc8 23. Kf2 Rxc3 24. Kf3 h5 25. h3 g5 26. g4 hxg4+ 27. hxg4 Rc6 28. Bf1 Nf6 29. Rg2 Rd6 30. Bd3 Bd7 31. Bb5 Bc8 32. Rgg1 Bb7 33. Bd3 Nd7 34. Ke2 Nc5 35. Rb5 Ba6 36. Rxc5 bxc5 37. Bxa6 Rxa6 38. Rb1 Rh6 39. Rb7+ Ke8 40. Rb5 Rh2+ 41. Kd3 c4+ 42. Kxc4 Rxc2+ 43. Kd3 Ra2 44. Rxe5+ Kd7 45. Rxa5 f6 46. e5 fxe5 47. Ke4 Ra3 48. Rxe5 Rxa4+ 49. Kf3 Kd6 50. Rxg5 Ke6 51. e4 Ra1 52. Rg8 Rf1+ 53. Ke3 Re1+ 54. Kf4 Rf1+ 55. Kg5 Kf7 56. Rg6 Re1 57. Rf6+ Kg7 58. Rf4 Re2 59. Kf5 Ra2 60. e5 Ra5 61. Rb4 Ra7 62. Rb6 Re7 63. Rg6+ Kh7 64. e6 Re8 65. Rf6 Kg8 66. Rf7 Ra8 67. Kf6 Ra6 68. Rg7+ Kh8 69. Rg5 Kh7 70. Kf7 Ra7+ 71. e7 1-0

[Event "GER-ch (Women)"]
[Site "Magdeburg"]
[Date "2022.08.18"]
[Round "6"]
[White "Schulze, Lara"]
[Black "Falke, Ornella"]
[Result "1-0"]
[WhiteElo "2297"]
[BlackElo "1912"]
[PlyCount "79"]
[EventDate "2022.08.14"]
[EventType "swiss"]
[EventRounds "9"]
[EventCountry "GER"]
[SourceTitle "CBM 209 Extra"]
[Source "ChessBase"]
[SourceDate "2022.09.30"]
[SourceVersion "1"]
[SourceVersionDate "2022.09.30"]
[SourceQuality "1"]

1. e4 c5 2. Nf3 d6 3. Bb5+ Nd7 4. c4 Ngf6 5. Nc3 g6 6. h3 a6 7. Ba4 Bg7 8. d3 0-0 9. Be3 h6 10. Qd2 Kh7 11. 0-0 Rb8 12. a3 Ne8 13. Rab1 Nc7 14. Bxd7 Bxd7 15. b4 b6 16. d4 cxd4 17. Nxd4 f5 18. exf5 gxf5 19. f4 e5 20. Nde2 Be6 21. Rfd1 Bxc4 22. Qxd6 Qxd6 23. Rxd6 b5 24. Rd7 Rf7 25. Rbd1 Rbf8 26. Bc5 Rxd7 27. Rxd7 Rf7 28. Rxf7 Bxf7 29. Bd6 Na8 30. Bxe5 Bxe5 31. fxe5 Nb6 32. Nf4 Kg7 33. e6 Bg8 34. e7 Bf7 35. Nfd5 Nc8 36. Kf2 Be8 37. Ke3 Bc6 38. Kd4 Kf7 39. Ke5 Nd6 40. Kxd6 1-0

[Event "GER-ch (Women)"]
[Site "Magdeburg"]
[Date "2022.08.14"]
[Round "1"]
[White "Voigt, Anastasia"]
[Black "Falke, Ornella"]
[Result "1/2-1/2"]
[WhiteElo "1694"]
[BlackElo "1912"]
[PlyCount "131"]
[EventDate "2022.08.14"]
[EventType "swiss"]
[EventRounds "9"]
[EventCountry "GER"]
[SourceTitle "CBM 209 Extra"]
[Source "ChessBase"]
[SourceDate "2022.09.30"]
[SourceVersion "1"]
[SourceVersionDate "2022.09.30"]
[SourceQuality "1"]

1. e4 e5 2. Nf3 Nc6 3. Bc4 Nf6 4. d3 Bc5 5. c3 a6 6. Bb3 Ba7 7. Nbd2 h6 8. Nf1 d6 9. Ng3 Qe7 10. 0-0 g5 11. Re1 g4 12. Nd2 h5 13. Nc4 h4 14. Nf1 g3 15. hxg3 hxg3 16. Nxg3 Ng4 17. Ne3 Rg8 18. Kf1 Qh4 19. Qc2 Na5 20. Nxg4 Bxg4 21. Be3 Bxe3 22. Rxe3 Nxb3 23. Qxb3 0-0-0 24. Ke1 Be6 25. Qd1 Qh2 26. Kd2 Qxg2 27. Qf3 Qxf3 28. Rxf3 Rh8 29. c4 Kd7 30. Rg1 Rdg8 31. Re3 Rh2 32. Re2 f5 33. f3 Rh3 34. exf5 Bxf5 35. Reg2 Be6 36. Ke3 Rf8 37. Rf2 Rg8 38. Ne2 Rf8 39. Rg3 Rh1 40. Rg1 Rh7 41. Rfg2 Rhf7 42. Rg7 c6 43. Rxf7+ Rxf7 44. f4 exf4+ 45. Nxf4 Bf5 46. Kd2 Kc7 47. Re1 b5 48. a3 Rh7 49. Kc3 Kb6 50. Re3 Rh2 51. Re2 Rh1 52. Rf2 Bd7 53. Re2 Rf1 54. Ne6 Rf6 55. Nd4 Rg6 56. b4 Rg3 57. Re7 Bh3 58. Nb3 c5 59. bxc5+ dxc5 60. Re5 b4+ 61. axb4 cxb4+ 62. Kxb4 Rxd3 63. c5+ Kc7 64. Re7+ Rd7 65. Rxd7+ Bxd7 66. Ka5 1/2-1/2

[Event "GER-ch blitz (Women)"]
[Site "Magdeburg"]
[Date "2022.08.13"]
[Round "9"]
[White "Falke, Ornella"]
[Black "Paehtz, Elisabeth"]
[Result "0-1"]
[WhiteElo "1912"]
[BlackElo "2390"]
[PlyCount "58"]
[EventDate "2022.08.13"]
[EventType "tourn (blitz)"]
[EventRounds "23"]
[EventCountry "GER"]
[SourceTitle "CBM 209 Extra"]
[Source "ChessBase"]
[SourceDate "2022.09.30"]
[SourceVersion "1"]
[SourceVersionDate "2022.09.30"]
[SourceQuality "1"]

1. d4 Nf6 2. Nf3 g6 3. g3 Bg7 4. Bg2 0-0 5. 0-0 d6 6. c4 Nc6 7. Nc3 Bg4 8. h3 Bxf3 9. Bxf3 Nd7 10. e3 e5 11. Ne2 Qe7 12. Rb1 Qf6 13. Bg2 Rae8 14. b4 exd4 15. Nxd4 Nxd4 16. exd4 c6 17. Be3 Nb6 18. Qd3 d5 19. c5 Nc4 20. Rbd1 Nb2 21. Qa3 Nxd1 22. Rxd1 a6 23. Qc1 Qe6 24. Re1 Bxd4 25. Kf1 Bxe3 26. Rxe3 Qf6 27. Rf3 Qe5 28. Re3 Qd4 29. Rxe8 Rxe8 0-1

[Event "GER-ch blitz (Women)"]
[Site "Magdeburg"]
[Date "2022.08.13"]
[Round "18"]
[White "Falke, Ornella"]
[Black "Schulze, Lara"]
[Result "1-0"]
[WhiteElo "1912"]
[BlackElo "2140"]
[PlyCount "59"]
[EventDate "2022.08.13"]
[EventType "tourn (blitz)"]
[EventRounds "23"]
[EventCountry "GER"]
[SourceTitle "CBM 209 Extra"]
[Source "ChessBase"]
[SourceDate "2022.09.30"]
[SourceVersion "1"]
[SourceVersionDate "2022.09.30"]
[SourceQuality "1"]

1. d4 Nf6 2. c4 e6 3. Nc3 Bb4 4. f3 c5 5. d5 d6 6. Bg5 h6 7. Bh4 b5 8. e4 exd5 9. cxd5 a6 10. a4 bxa4 11. Bc4 Nbd7 12. Qxa4 0-0 13. Qc6 Ne5 14. Qxa8 Nxc4 15. Nge2 g5 16. Bg3 Qb6 17. Qc6 Qxc6 18. dxc6 Nxb2 19. Bxd6 Rd8 20. Be7 Nd5 21. exd5 Re8 22. Bf6 Bf5 23. 0-0 Bd3 24. Rfe1 Kh7 25. Ra2 Nc4 26. Kf2 Kg6 27. Nf4+ gxf4 28. Rxe8 Kxf6 29. Ne4+ Bxe4 30. fxe4 1-0

[Event "GER-ch blitz (Women)"]
[Site "Magdeburg"]
[Date "2022.08.13"]
[Round "14"]
[White "Falke, Ornella"]
[Black "Schuster, Rebekka"]
[Result "0-1"]
[WhiteElo "1912"]
[BlackElo "1815"]
[PlyCount "52"]
[EventDate "2022.08.13"]
[EventType "tourn (blitz)"]
[EventRounds "23"]
[EventCountry "GER"]
[SourceTitle "CBM 209 Extra"]
[Source "ChessBase"]
[SourceDate "2022.09.30"]
[SourceVersion "1"]
[SourceVersionDate "2022.09.30"]
[SourceQuality "1"]

1. Nf3 e6 2. e4 d5 3. e5 Ne7 4. d4 Nf5 5. Bd3 c5 6. c3 Nc6 7. Na3 a6 8. Bg5 Qb6 9. Bxf5 exf5 10. dxc5 Bxc5 11. Qe2 0-0 12. b4 Bxb4 13. cxb4 Qxb4+ 14. Qd2 Qxa3 15. 0-0 Be6 16. Rab1 b5 17. Rb3 Qa5 18. Qc2 Rac8 19. Qb2 Qc7 20. Rc1 d4 21. Nxd4 Qxe5 22. Nxc6 Qxb2 23. Rxb2 f6 24. Ne7+ Kf7 25. Nxc8 Bxc8 26. Rc7+ Kg6 0-1

[Event "GER-chT Federal Cup (Women)"]
[Site "Braunfels"]
[Date "2022.06.17"]
[Round "2.28"]
[White "Ramm, Madlen"]
[Black "Falke, Ornella"]
[Result "0-1"]
[WhiteElo "1732"]
[BlackElo "1844"]
[PlyCount "88"]
[EventDate "2022.06.15"]
[EventType "team-swiss"]
[EventRounds "5"]
[EventCountry "GER"]
[SourceTitle "EXT 2023"]
[Source "ChessBase"]
[SourceDate "2022.10.05"]
[SourceVersion "1"]
[SourceVersionDate "2022.10.05"]
[SourceQuality "1"]

1. e4 c5 2. Nc3 d6 3. f4 Nc6 4. Bb5 e6 5. Nf3 Nge7 6. d3 a6 7. Bxc6+ Nxc6 8. 0-0 g6 9. Be3 Bg7 10. Bf2 0-0 11. Qd2 b5 12. Rab1 Qc7 13. Ne2 Ne7 14. c3 Bb7 15. Ng3 Rad8 16. Qe2 Rfe8 17. Rfc1 f5 18. Ng5 Bc8 19. Qc2 h6 20. Nf3 Kh7 21. Re1 fxe4 22. dxe4 Rf8 23. Be3 Bb7 24. Re2 Rf7 25. Rf1 a5 26. Ref2 d5 27. e5 Bf8 28. Nh4 Nf5 29. Nhxf5 gxf5 30. Qe2 Ba6 31. Re1 Be7 32. Qh5 Rg7 33. Rf3 Bb7 34. Rf2 Rdg8 35. Qe2 Bh4 36. Qxb5 Bxg3 37. hxg3 d4 38. cxd4 Rxg3 39. Ree2 cxd4 40. Rc2 Qg7 41. Qxa5 dxe3 42. Rfe2 Bxg2 43. Rxg2 Rxg2+ 44. Kf1 e2+ 0-1

[Event "GER-chT Federal Cup (Women)"]
[Site "Braunfels"]
[Date "2022.06.16"]
[Round "1.12"]
[White "Falke, Ornella"]
[Black "Valkova, Angelika"]
[Result "0-1"]
[WhiteElo "1844"]
[BlackElo "2066"]
[PlyCount "76"]
[EventDate "2022.06.15"]
[EventType "team-swiss"]
[EventRounds "5"]
[EventCountry "GER"]
[SourceTitle "EXT 2023"]
[Source "ChessBase"]
[SourceDate "2022.10.05"]
[SourceVersion "1"]
[SourceVersionDate "2022.10.05"]
[SourceQuality "1"]

1. e4 c6 2. Nc3 d5 3. Nf3 dxe4 4. Nxe4 Nf6 5. Nxf6+ exf6 6. d4 Bd6 7. Bd3 0-0 8. Be3 a5 9. c3 Re8 10. Qc2 Bf4 11. Bxh7+ Kh8 12. Bd3 Bxe3 13. fxe3 Rxe3+ 14. Kd2 Re8 15. Rae1 Be6 16. Re4 g6 17. Kc1 Kg7 18. Rhe1 Nd7 19. Nh4 Nf8 20. g4 Qd5 21. Nf3 Qxa2 22. h4 a4 23. g5 f5 24. R4e2 Bb3 25. Qb1 Rxe2 26. Rxe2 Ne6 27. h5 Qxb1+ 28. Kxb1 Bd5 29. Nh4 Nf4 30. h6+ Kh7 31. c4 Nxe2 32. Bxe2 Re8 33. Bd3 Bh1 34. Kc2 Re3 35. Kd2 Rh3 36. Nxf5 Rh2+ 37. Kc3 gxf5 38. Bxf5+ Kh8 0-1

[Event "GER-ch U18 Girls"]
[Site "Willingen"]
[Date "2022.06.07"]
[Round "4"]
[White "Falke, Ornella"]
[Black "Bardorz, Jana"]
[Result "0-1"]
[WhiteElo "1872"]
[BlackElo "1974"]
[PlyCount "104"]
[EventDate "2022.06.04"]
[EventType "swiss"]
[EventRounds "9"]
[EventCountry "GER"]
[SourceTitle "CBM 208 Extra"]
[Source "ChessBase"]
[SourceDate "2022.07.31"]
[SourceVersion "1"]
[SourceVersionDate "2022.07.31"]
[SourceQuality "1"]

1. d4 d5 2. c4 e6 3. Nc3 Nf6 4. cxd5 exd5 5. Bg5 Be7 6. Qc2 0-0 7. e3 h6 8. Bf4 c5 9. Nf3 Nc6 10. Be2 c4 11. a3 a6 12. 0-0 Re8 13. Rad1 Bd6 14. Ne5 Qc7 15. Bg3 b5 16. Bh4 Nxe5 17. dxe5 Bxe5 18. f4 Bxc3 19. Qxc3 Ne4 20. Qd4 Bb7 21. f5 Qc5 22. Bf3 Qxd4 23. exd4 Nd6 24. f6 g5 25. Bg3 Nf5 26. Bxd5 Nxg3 27. Bxb7 Nxf1 28. Bxa8 Rxa8 29. Kxf1 Kh7 30. Ke2 Kg6 31. g4 Kxf6 32. Rf1+ Ke6 33. Rf5 f6 34. Kf3 Rc8 35. Ke4 c3 36. bxc3 Rxc3 37. d5+ Ke7 38. d6+ Ke6 39. d7 Kxd7 40. Rxf6 Rxa3 41. Rxh6 b4 42. Rg6 Ra5 43. Rb6 Ra4 44. Kd3 a5 45. Rb5 Ra2 46. Rxg5 a4 47. Kc4 b3 48. Rd5+ Ke6 49. Rb5 b2 50. Kc3 a3 51. g5 Ra1 52. Kc2 Rc1+ 0-1